Associer des missions aux aéronefs de la Marine Nationale (EOPAN) - Statistiques

Statistiques générales
  • Ce quiz a été pris 103 fois
  • Le résultat moyen est 80 sur 250
Statistiques - réponses
Question Tuile Select % Correct
du Rafale Marine Recherche et sauvetage en mer Non
99%
du Rafale Marine Transport léger Non
99%
du Rafale Marine Formation, soutien logistique Non
97%
du Rafale Marine Liaison d’autorités Non
97%
du Rafale Marine Sûreté et mise en condition des SNLE Non
97%
du Rafale Marine Liaisons d’autorités Non
94%
du Rafale Marine Commandement et contrôle Non
93%
du Rafale Marine Lutte contre les trafics illicites Non
91%
du Rafale Marine Patrouille maritime Non
87%
du Rafale Marine Sauvegarde maritime et sûreté des approches maritimes Non
87%
du Rafale Marine Surveillance des approches maritimes Non
86%
du Rafale Marine Dissuasion nucléaire Oui
84%
du Rafale Marine Détection aérienne avancée Non
83%
du Rafale Marine Formation instruction et entraînement des pilotes de chasse Non
83%
du Rafale Marine Soutien du groupe aérien embarqué Non
80%
du Rafale Marine Interception Oui
74%
du Rafale Marine Sûreté de forces aéronavales Non
74%
du Rafale Marine Appui aérien Oui
71%
du Rafale Marine Assaut Oui
71%
du H160 Commandement et contrôle Non
70%
du H160 Sélection initiale Non
70%
du Rafale Marine Gestion de l’espace aéromaritime Non
67%
du H160 Détection aérienne avancée Non
65%
du Rafale Marine Protection des espaces maritimes Non
65%
du H160 Formation Non
64%
du H160 Contre-terrorisme maritime Non
61%
du Rafale Marine Reconnaissance tactique Oui
61%
du H160 Combat aéromaritime Non
59%
du H160 Lutte anti-navires Non
59%
Dauphin Combat aéromaritime Non
57%
du Rafale Marine Combat maritime et terrestre Oui
57%
Dauphin Détection aérienne avancée Non
57%
Dauphin Lutte anti-navires Non
57%
du H160 Secours, protection Oui
57%
Dauphin Sélection initiale Non
57%
du H160 Lutte anti-sous-marine Non
55%
Dauphin Lutte anti-sous-marine Non
55%
du Falcon 10M Assaut Non
52%
Dauphin Contre-terrorisme maritime Non
52%
du Falcon 10M Dissuasion nucléaire Non
52%
du H160 Lutte contre les trafics illicites Non
52%
du H160 Récupération des pilotes sur porte-avions Non
52%
du Falcon 10M Combat maritime et terrestre Non
51%
du Falcon 10M Interception Non
51%
du Falcon 10M Maîtrise du combat aéromaritime Non
51%
du H160 Opérations spéciales Non
51%
Dauphin Opérations spéciales Non
51%
du H160 Sauvegarde maritime et sûreté des approches maritimes Non
49%
du Falcon 10M Sûreté et mise en condition des SNLE Non
49%
du Falcon 10M Appui aérien Non
48%
du Rafale Marine Appui aux opérations terrestres et aéroterrestres Non
48%
du Falcon 10M Détection aérienne avancée Non
48%
du Falcon 10M Lutte contre les trafics illicites Non
48%
Dauphin Récupération des pilotes sur porte-avions Oui
48%
du Falcon 10M Sûreté de forces aéronavales Non
48%
Dauphin Surveillance des approches maritimes Non
46%
du Falcon 10M Appui aux opérations terrestres et aéroterrestres Non
45%
du H160 Intervention en mer Oui
45%
Dauphin Sauvegarde maritime et sûreté des approches maritimes Non
45%
Dauphin Secours, protection Oui
45%
du Falcon 10M Recherche et sauvetage en mer Non
43%
du Falcon 10M Commandement et contrôle Non
42%
de l'Atlantique 2 Dissuasion nucléaire Non
42%
de l'Atlantique 2 Formation instruction et entraînement des pilotes de chasse Non
42%
de l'Atlantique 2 Formation, soutien logistique Non
42%
du Falcon 10M Gestion de l’espace aéromaritime Non
42%
de l'Atlantique 2 Interception Non
42%
de l'Atlantique 2 Liaison d’autorités Non
42%
du Falcon 10M Reconnaissance tactique Non
42%
de l'Atlantique 2 Liaisons d’autorités Non
41%
du Rafale Marine Maîtrise du combat aéromaritime Non
41%
du Falcon 10M Patrouille maritime Non
41%
du Falcon 10M Sauvegarde maritime et sûreté des approches maritimes Non
41%
de l'Atlantique 2 Transport léger Non
41%
du Xingu Appui aérien Non
39%
du Xingu Appui aux opérations terrestres et aéroterrestres Non
39%
du Xingu Assaut Non
39%
de l'Atlantique 2 Assaut Non
39%
du Xingu Combat maritime et terrestre Non
39%
de l'Atlantique 2 Commandement et contrôle Non
39%
du Xingu Détection aérienne avancée Non
39%
du Xingu Dissuasion nucléaire Non
39%
du Xingu Interception Non
39%
du Xingu Lutte contre les trafics illicites Non
39%
du Xingu Maîtrise du combat aéromaritime Non
39%
du Xingu Patrouille maritime Non
39%
du Falcon 10M Protection des espaces maritimes Non
39%
du Xingu Protection des espaces maritimes Non
39%
du Xingu Reconnaissance tactique Non
39%
du Xingu Soutien du groupe aérien embarqué Non
39%
du Xingu Sûreté de forces aéronavales Non
39%
du Xingu Sûreté et mise en condition des SNLE Non
39%
du Xingu Gestion de l’espace aéromaritime Non
38%
de l'Atlantique 2 Patrouille maritime Oui
38%
du Xingu Recherche et sauvetage en mer Non
38%
du Xingu Sauvegarde maritime et sûreté des approches maritimes Non
38%
du Falcon 10M Surveillance des approches maritimes Non
38%
du Xingu Surveillance des approches maritimes Non
38%
du Xingu Commandement et contrôle Non
36%
de l'Atlantique 2 Détection aérienne avancée Non
36%
Dauphin Formation Non
36%
Dauphin Intervention en mer Oui
32%
de l'Atlantique 2 Lutte contre les trafics illicites Non
32%
de l'Atlantique 2 Soutien du groupe aérien embarqué Non
30%
du Falcon 10M Liaison d’autorités Oui
29%
de l'Atlantique 2 Sûreté et mise en condition des SNLE Oui
29%
de l'Atlantique 2 Appui aérien Non
28%
du Falcon 50M Appui aux opérations terrestres et aéroterrestres Non
28%
du Falcon 50M Assaut Non
28%
du Falcon 50M Commandement et contrôle Non
28%
du Falcon 50M Détection aérienne avancée Non
28%
du Falcon 50M Dissuasion nucléaire Non
28%
du Falcon 10M Formation instruction et entraînement des pilotes de chasse Oui
28%
du Falcon 10M Formation, soutien logistique Non
28%
du Falcon 50M Interception Non
28%
du Falcon 50M Maîtrise du combat aéromaritime Non
28%
du Falcon 50M Soutien du groupe aérien embarqué Non
28%
du Falcon 50M Sûreté de forces aéronavales Non
28%
du Falcon 50M Sûreté et mise en condition des SNLE Non
28%
du Falcon 50M Appui aérien Non
26%
de l'Atlantique 2 Combat maritime et terrestre Non
26%
du Falcon 50M Combat maritime et terrestre Non
26%
du Falcon 50M Formation, soutien logistique Non
26%
de l'Atlantique 2 Gestion de l’espace aéromaritime Non
26%
du Xingu Transport léger Oui
26%
du Xingu Formation instruction et entraînement des pilotes de chasse Non
25%
du Falcon 50M Formation instruction et entraînement des pilotes de chasse Non
25%
du Xingu Formation, soutien logistique Oui
25%
du Falcon 50M Transport léger Non
25%
de l'Atlantique 2 Recherche et sauvetage en mer Non
23%
du Falcon 10M Transport léger Non
23%
de l'Atlantique 2 Appui aux opérations terrestres et aéroterrestres Oui
22%
du Falcon 200 Appui aux opérations terrestres et aéroterrestres Non
22%
du Falcon 200 Assaut Non
22%
du Falcon 200 Combat maritime et terrestre Non
22%
du Falcon 200 Commandement et contrôle Non
22%
Panther Commandement et contrôle Non
22%
du Falcon 200 Détection aérienne avancée Non
22%
du Falcon 200 Dissuasion nucléaire Non
22%
Panther Formation Non
22%
du Falcon 200 Formation instruction et entraînement des pilotes de chasse Non
22%
du Falcon 200 Formation, soutien logistique Non
22%
du Falcon 50M Gestion de l’espace aéromaritime Non
22%
du Falcon 50M Liaisons d’autorités Non
22%
du Falcon 200 Maîtrise du combat aéromaritime Non
22%
du Falcon 50M Reconnaissance tactique Non
22%
Panther Sélection initiale Non
22%
du Falcon 200 Sûreté de forces aéronavales Non
22%
du Falcon 200 Sûreté et mise en condition des SNLE Non
22%
du Falcon 200 Appui aérien Non
20%
du Falcon 200 Interception Non
20%
du Falcon 50M Patrouille maritime Non
20%
Panther Protection des espaces maritimes Non
20%
Panther Récupération des pilotes sur porte-avions Non
20%
du Falcon 200 Soutien du groupe aérien embarqué Non
20%
du Xingu Liaison d’autorités Oui
19%
du Falcon 50M Liaison d’autorités Non
19%
du Falcon 200 Liaison d’autorités Non
19%
du Falcon 10M Liaisons d’autorités Non
19%
du Xingu Liaisons d’autorités Non
19%
Panther Lutte anti-sous-marine Non
19%
du Falcon 200 Reconnaissance tactique Non
19%
de l'Atlantique 2 Sauvegarde maritime et sûreté des approches maritimes Oui
19%
du Falcon 200 Sauvegarde maritime et sûreté des approches maritimes Non
19%
Panther Secours, protection Non
19%
de l'Atlantique 2 Surveillance des approches maritimes Non
19%
du Falcon 50M Surveillance des approches maritimes Non
19%
Panther Combat aéromaritime Non
17%
de l'Atlantique 2 Maîtrise du combat aéromaritime Oui
17%
Panther Surveillance des approches maritimes Non
17%
du Falcon 200 Transport léger Non
17%
du Hawkeye Assaut Non
16%
du Hawkeye Combat maritime et terrestre Non
16%
du Hawkeye Dissuasion nucléaire Non
16%
du Hawkeye Formation instruction et entraînement des pilotes de chasse Non
16%
du Falcon 200 Gestion de l’espace aéromaritime Non
16%
du Hawkeye Interception Non
16%
du Hawkeye Liaison d’autorités Non
16%
du Falcon 200 Lutte contre les trafics illicites Non
16%
du Hawkeye Lutte contre les trafics illicites Non
16%
du Hawkeye Maîtrise du combat aéromaritime Non
16%
de l'Atlantique 2 Protection des espaces maritimes Non
16%
du Hawkeye Recherche et sauvetage en mer Non
16%
du Falcon 50M Sauvegarde maritime et sûreté des approches maritimes Non
16%
du Hawkeye Transport léger Non
16%
du Hawkeye Appui aérien Non
14%
du Hawkeye Formation, soutien logistique Non
14%
Panther Opérations spéciales Non
14%
du Hawkeye Patrouille maritime Non
14%
du Hawkeye Protection des espaces maritimes Non
14%
du Falcon 50M Recherche et sauvetage en mer Oui
14%
de l'Atlantique 2 Reconnaissance tactique Non
14%
du Hawkeye Sauvegarde maritime et sûreté des approches maritimes Non
14%
du H160 Sauvetage en mer Non
14%
du Hawkeye Sûreté et mise en condition des SNLE Non
14%
du Hawkeye Détection aérienne avancée Oui
13%
du Hawkeye Gestion de l’espace aéromaritime Oui
13%
du Falcon 200 Liaisons d’autorités Non
13%
du Hawkeye Liaisons d’autorités Non
13%
Dauphin Lutte contre les trafics illicites Oui
13%
du Hawkeye Appui aux opérations terrestres et aéroterrestres Non
12%
du CAP 10M Combat aéromaritime Non
12%
du CAP 10M Commandement et contrôle Non
12%
du CAP 10M Contre-terrorisme maritime Non
12%
du CAP 10M Détection aérienne avancée Non
12%
du CAP 10M Intervention en mer Non
12%
du CAP 10M Lutte anti-navires Non
12%
du CAP 10M Lutte anti-sous-marine Non
12%
du Falcon 50M Lutte contre les trafics illicites Oui
12%
du CAP 10M Lutte contre les trafics illicites Non
12%
du CAP 10M Opérations spéciales Non
12%
du Falcon 200 Patrouille maritime Non
12%
du Falcon 200 Recherche et sauvetage en mer Oui
12%
du CAP 10M Sauvegarde maritime et sûreté des approches maritimes Non
12%
du CAP 10M Sauvetage en mer Non
12%
du CAP 10M Secours, protection Non
12%
du Hawkeye Sûreté de forces aéronavales Non
12%
Panther Intervention en mer Non
10%
Panther Lutte anti-navires Oui
10%
Panther Lutte contre les trafics illicites Oui
10%
du Falcon 50M Protection des espaces maritimes Oui
10%
du CAP 10M Récupération des pilotes sur porte-avions Non
10%
Dauphin Sauvetage en mer Non
10%
de l'Atlantique 2 Sûreté de forces aéronavales Oui
10%
du Falcon 200 Surveillance des approches maritimes Oui
10%
du Caïman Marine Détection aérienne avancée Non
9%
du Caïman Marine Formation Non
9%
du Falcon 200 Protection des espaces maritimes Non
9%
du Hawkeye Reconnaissance tactique Non
9%
du Caïman Marine Récupération des pilotes sur porte-avions Non
9%
du Caïman Marine Sélection initiale Non
9%
du Hawkeye Soutien du groupe aérien embarqué Non
9%
du Hawkeye Surveillance des approches maritimes Non
9%
du Caïman Marine Combat aéromaritime Oui
7%
Panther Contre-terrorisme maritime Oui
7%
du Caïman Marine Secours, protection Non
7%
du Hawkeye Commandement et contrôle Oui
6%
du Caïman Marine Intervention en mer Non
6%
du Caïman Marine Lutte anti-navires Oui
6%
du Caïman Marine Lutte contre les trafics illicites Non
6%
du Caïman Marine Opérations spéciales Oui
6%
du CAP 10M Sélection initiale Oui
6%
du Falcon 10M Soutien du groupe aérien embarqué Oui
6%
du Caïman Marine Surveillance des approches maritimes Non
6%
du CAP 10M Formation Non
4%
du Caïman Marine Intervention en mer Non
4%
du Caïman Marine Lutte anti-sous-marine Oui
4%
du Caïman Marine Contre-terrorisme maritime Non
3%
Panther Sauvetage en mer Oui
3%
du Caïman Marine Sauvetage en mer Oui
1%
Aucun quiz correspondant
Distribution des résultats
% des personnes avec chaque résultat
Percentile par nombre de réponses
Votre historique - résultats
Vous n’avez pas pris ce quiz